[Event "Bratislava exe op"]
[Site "Bratislava"]
[Date "2023.09.22"]
[Round "8"]
[White "Vinarcik, Jan"]
[Black "Salgovic, Simon"]
[Result "0-1"]
[WhiteElo "1763"]
[BlackElo "2161"]
[PlyCount "114"]
[EventDate "2023.09.15"]
[EventType "swiss"]
[EventRounds "9"]
[EventCountry "SVK"]
[SourceTitle "EXT 2024"]
[Source "ChessBase"]
[SourceDate "2023.10.10"]
[SourceVersion "1"]
[SourceVersionDate "2023.10.10"]
[SourceQuality "1"]

1. e4 d5 2. exd5 Qxd5 3. Nc3 Qa5 4. Bc4 Nf6 5. d3 c6 6. Bd2 Qb6 7. Bb3 Bg4 8. Qc1 Nbd7 9. h3 Bh5 10. Be3 Qc7 11. Nge2 e5 12. Ng3 Bg6 13. 0-0 Be7 14. a3 Nb6 15. Re1 0-0 16. Re2 Nh5 17. Nxh5 Bxh5 18. Re1 Kh8 19. Bd2 f5 20. Rf1 f4 21. f3 Bc5+ 22. Kh2 Bg6 23. Qe1 Nd7 24. Ne4 Bxe4 25. Qxe4 Nf6 26. Qe1 a5 27. Qe2 Nh5 28. Be1 Rf6 29. Bf2 Bxf2 30. Qxf2 Ng3 31. Rfe1 Nf5 32. Re4 Ne3 33. Kh1 Rg6 34. Rg1 Nf5 35. Rge1 Ng3+ 36. Kh2 Nxe4 37. Rxe4 Rf8 38. Qe1 Rf5 39. d4 Rfg5 40. Qe2 Qd8 41. dxe5 Rxg2+ 42. Qxg2 Rxg2+ 43. Kxg2 Qh4 44. Kf1 Qxh3+ 45. Ke2 Qg2+ 46. Kd3 Qxf3+ 47. Kd4 Qf2+ 48. Kd3 Qf3+ 49. Kd4 Qd1+ 50. Kc5 Qg1+ 51. Kd6 Qg6+ 52. e6 Qxe4 53. e7 g5 54. Be6 Qg6 55. Kd7 g4 56. e8Q+ Qxe8+ 57. Kxe8 g3 0-1

[Event "SVK-ch Seniors 65"]
[Site "Tatranske Matliare"]
[Date "2017.05.28"]
[Round "2"]
[White "Privara, Igor"]
[Black "Vinarcik, Jan"]
[Result "0-1"]
[WhiteElo "2148"]
[BlackElo "1876"]
[PlyCount "57"]
[EventDate "2017.05.27"]
[EventType "swiss"]
[EventRounds "9"]
[EventCountry "SVK"]
[SourceTitle "EXT 2023"]
[Source "ChessBase"]
[SourceDate "2022.10.05"]
[SourceVersion "1"]
[SourceVersionDate "2022.10.05"]
[SourceQuality "1"]

1. e4 e5 2. Nf3 Nc6 3. Nc3 d6 4. d4 Bg4 5. d5 Nd4 6. Be3 Nxf3+ 7. gxf3 Bd7 8. f4 exf4 9. Bxf4 g6 10. Qd4 f6 11. 0-0-0 Bh6 12. Bxh6 Nxh6 13. h4 Qe7 14. f4 Nf7 15. Nb5 Bg4 16. Re1 a6 17. Nc3 c5 18. dxc6 bxc6 19. Bc4 0-0 20. e5 d5 21. Bxd5 cxd5 22. Nxd5 Qe6 23. Nxf6+ Kg7 24. Nxg4 Rfd8 25. Qc3 Rac8 26. Qf3 Qxa2 27. c3 Rd2 28. Kxd2 Qxb2+ 29. Kd1 0-1

[Event "SVK-chT2A 1617"]
[Site "Slovakia"]
[Date "2016.10.09"]
[Round "2.6"]
[White "Horecky, Peter"]
[Black "Vinarcik, Jan"]
[Result "1-0"]
[WhiteElo "2029"]
[BlackElo "1855"]
[PlyCount "133"]
[EventDate "2016.10.08"]
[EventType "team-tourn"]
[EventRounds "11"]
[EventCountry "SVK"]
[SourceTitle "CBM 175 Extra"]
[Source "ChessBase"]
[SourceDate "2016.12.12"]
[SourceVersion "1"]
[SourceVersionDate "2016.12.12"]
[SourceQuality "1"]
[WhiteTeam "Sered MSK"]
[BlackTeam "Bratislava Doprastav II"]
[WhiteTeamCountry "SVK"]
[BlackTeamCountry "SVK"]

1. d4 d5 2. c4 e6 3. Nf3 Nf6 4. e3 Nbd7 5. b3 c6 6. Bd3 Bb4+ 7. Nbd2 0-0 8. 0-0 Bd6 9. Bb2 Re8 10. Ne5 Nf8 11. f4 N6d7 12. c5 Bb8 13. b4 f6 14. Nxd7 Bxd7 15. Nf3 Re7 16. Qb3 a6 17. a4 Qe8 18. g3 Kh8 19. e4 Bc7 20. Rae1 Qf7 21. b5 axb5 22. axb5 cxb5 23. Bxb5 Bc6 24. e5 f5 25. Ra1 Ree8 26. Ng5 Qd7 27. Bxc6 bxc6 28. Bc3 h6 29. Nf3 Rab8 30. Qc2 Rb7 31. Ra6 Reb8 32. Nd2 Bd8 33. Qa4 Rb5 34. Ra1 R8b7 35. Qa2 g5 36. Ra7 gxf4 37. Rxb7 Rxb7 38. gxf4 Qg7+ 39. Kh1 Qg4 40. Rg1 Qe2 41. Qa8 Rd7 42. Ba5 Rg7 43. Rxg7 Kxg7 44. Qxd8 Qe1+ 45. Kg2 Qe2+ 46. Kg1 Qe3+ 47. Kf1 Qxf4+ 48. Ke1 Qxd4 49. Qf6+ Kg8 50. Bd8 Qg1+ 51. Nf1 Qg7 52. Qxg7+ Kxg7 53. Be7 Nd7 54. Bd6 f4 55. Nd2 Kg6 56. Nf3 Kf5 57. Nd4+ Ke4 58. Nxc6 d4 59. Nb4 Ke3 60. c6 Nb6 61. Bc5 Nc8 62. c7 Ke4 63. Bd6 f3 64. Kf2 d3 65. Nxd3 Kxd3 66. Kxf3 Kd4 67. Kg4 1-0

[Event "SVK-ch Seniors-B"]
[Site "Tatranske Matliare"]
[Date "2016.06.06"]
[Round "2"]
[White "Vinarcik, Jan"]
[Black "Veselsky, Jozef"]
[Result "0-1"]
[WhiteElo "1887"]
[BlackElo "2061"]
[PlyCount "52"]
[EventDate "2016.06.05"]
[EventType "swiss"]
[EventRounds "9"]
[EventCountry "SVK"]
[SourceTitle "EXT 2023"]
[Source "ChessBase"]
[SourceDate "2022.10.05"]
[SourceVersion "1"]
[SourceVersionDate "2022.10.05"]
[SourceQuality "1"]

1. e4 g6 2. d4 Bg7 3. Be3 d6 4. c3 Nf6 5. f3 0-0 6. Qd2 Nbd7 7. Bd3 c5 8. Ne2 Qa5 9. Na3 cxd4 10. cxd4 Qxd2+ 11. Bxd2 a6 12. Rc1 b5 13. 0-0 Ne8 14. Nc2 e5 15. d5 Nc5 16. Ne1 Nxd3 17. Nxd3 a5 18. Nf2 b4 19. Rfe1 Bd7 20. Nd1 f5 21. Ng3 Bf6 22. exf5 gxf5 23. Nh5 Bd8 24. h3 f4 25. Nf2 Bh4 26. Red1 Rf5 0-1

[Event "Bratislava Slovan op"]
[Site "Bratislava"]
[Date "2016.05.01"]
[Round "3"]
[White "Petrek, David"]
[Black "Vinarcik, Jan"]
[Result "0-1"]
[WhiteElo "1404"]
[BlackElo "1887"]
[PlyCount "76"]
[EventDate "2016.04.30"]
[EventType "swiss"]
[EventRounds "9"]
[EventCountry "SVK"]
[SourceTitle "EXT 2017"]
[Source "ChessBase"]
[SourceDate "2016.10.25"]
[SourceVersion "1"]
[SourceVersionDate "2016.10.25"]
[SourceQuality "1"]

1. e4 c5 2. Nf3 e6 3. d4 cxd4 4. Nxd4 a6 5. Nc3 Qc7 6. Be3 Nf6 7. f3 Bc5 8. Qd2 d6 9. Be2 0-0 10. 0-0 b5 11. Rad1 Qb6 12. Kh1 Nbd7 13. Bf2 e5 14. Nf5 Bxf2 15. Qg5 Ne8 16. Rxd6 f6 17. Qh5 g6 18. Qh6 gxf5 19. Rxb6 Bxb6 20. Nd5 Bd8 21. g4 f4 22. c4 Nd6 23. cxb5 axb5 24. Bd1 Nc5 25. b4 Ne6 26. Bb3 Nf7 27. Nxf6+ Bxf6 28. Qxf6 Ra6 29. g5 Nd4 30. Bxf7+ Rxf7 31. Qxe5 Nc6 32. Qxb5 Ne7 33. Rc1 Rxa2 34. Rc7 Ba6 35. Qe5 Re2 36. Qc3 Rf2 37. Rc8+ Nxc8 38. Qxc8+ Bxc8 0-1

[Event "Bratislava Slovan op"]
[Site "Bratislava"]
[Date "2016.05.01"]
[Round "2"]
[White "Vinarcik, Jan"]
[Black "Lintner, Igor"]
[Result "0-1"]
[WhiteElo "1887"]
[BlackElo "2074"]
[PlyCount "74"]
[EventDate "2016.04.30"]
[EventType "swiss"]
[EventRounds "9"]
[EventCountry "SVK"]
[SourceTitle "EXT 2017"]
[Source "ChessBase"]
[SourceDate "2016.10.25"]
[SourceVersion "1"]
[SourceVersionDate "2016.10.25"]
[SourceQuality "1"]

1. e4 e6 2. d4 d5 3. exd5 exd5 4. Bd3 Bd6 5. c3 Ne7 6. Qc2 Be6 7. Be3 Nd7 8. Nf3 h6 9. Nbd2 c6 10. Nf1 Qc7 11. Ng3 g6 12. Qe2 0-0-0 13. b4 Nf8 14. Bc1 Re8 15. Qc2 f5 16. a4 f4 17. Ne2 g5 18. Nd2 g4 19. Ba3 Rg8 20. 0-0-0 Nfg6 21. Kb2 f3 22. gxf3 gxf3 23. Ng3 Nf4 24. Rhe1 Bg4 25. c4 h5 26. Bf5+ Nxf5 27. Nxf5 Re2 28. Nh6 Rge8 29. Rg1 Ng2 30. Nxg4 hxg4 31. Qf5+ Qd7 32. Qh5 Bf4 33. Kc2 dxc4 34. Kc3 Bxd2+ 35. Rxd2 Rxd2 36. Kxd2 Qxd4+ 37. Kc1 Qa1+ 0-1

[Event "SVK-ch Seniors"]
[Site "Tatranske Matliare"]
[Date "2015.05.31"]
[Round "2"]
[White "Szitkey, Milan"]
[Black "Vinarcik, Jan"]
[Result "1-0"]
[WhiteElo "2077"]
[BlackElo "1928"]
[PlyCount "93"]
[EventDate "2015.05.30"]
[EventType "swiss"]
[EventRounds "9"]
[EventCountry "SVK"]
[SourceTitle "EXT 2017"]
[Source "ChessBase"]
[SourceDate "2016.10.25"]
[SourceVersion "1"]
[SourceVersionDate "2016.10.25"]
[SourceQuality "1"]

1. e4 e5 2. Nf3 Nc6 3. Bb5 a6 4. Ba4 d6 5. c3 Bd7 6. 0-0 g6 7. d4 Bg7 8. Bg5 f6 9. Be3 Nh6 10. h3 Nf7 11. Nbd2 0-0 12. Bb3 Ne7 13. Re1 g5 14. Nh2 Ng6 15. Qh5 Qe7 16. Ndf1 Nf4 17. Qf3 Be6 18. Ng3 Bxb3 19. axb3 Nh6 20. Ng4 Nxg4 21. Qxg4 Qf7 22. d5 Ng6 23. c4 h6 24. b4 Nh4 25. Nf5 h5 26. Qe2 Nxf5 27. exf5 Qd7 28. Qc2 Rfc8 29. Red1 Bf8 30. Ra3 Qf7 31. Qe2 c6 32. b3 Qh7 33. Qf3 cxd5 34. Rxd5 Re8 35. b5 e4 36. Qd1 Qf7 37. Qa1 Rab8 38. Ba7 Ra8 39. Bd4 Rab8 40. Bxf6 axb5 41. Bxg5 bxc4 42. bxc4 Rbc8 43. Qd4 Rc6 44. Rg3 Kh7 45. Bf4 Bg7 46. f6 Bxf6 47. Qxf6 1-0

[Event "Bratislava Slovan op"]
[Site "Bratislava"]
[Date "2013.05.04"]
[Round "9"]
[White "Vinarcik, Jan"]
[Black "Blizman, Marian"]
[Result "1-0"]
[WhiteElo "1920"]
[BlackElo "1592"]
[PlyCount "52"]
[EventDate "2013.04.27"]
[EventType "swiss"]
[EventRounds "9"]
[EventCountry "SVK"]
[SourceTitle "EXT 2023"]
[Source "ChessBase"]
[SourceDate "2022.10.05"]
[SourceVersion "1"]
[SourceVersionDate "2022.10.05"]
[SourceQuality "1"]

1. e4 e5 2. Nf3 Nf6 3. d4 Nxe4 4. Bd3 d5 5. Nxe5 Bd6 6. 0-0 0-0 7. c4 c5 8. cxd5 cxd4 9. Bxe4 Bxe5 10. Qh5 f5 11. Bc2 g6 12. Qd1 Kh8 13. f4 Bg7 14. Bb3 Nd7 15. Nd2 Nf6 16. Nf3 Nxd5 17. Ng5 d3 18. Qxd3 Qb6+ 19. Kh1 Nc7 20. Qh3 h6 21. Be3 Qf6 22. Rac1 Ne6 23. Rfd1 h5 24. Nxe6 Bxe6 25. Rd6 Rfe8 26. Bd4 Qe7 1-0

[Event "Bratislava Slovan op"]
[Site "Bratislava"]
[Date "2013.05.03"]
[Round "8"]
[White "Vinarcik, Jan"]
[Black "Slobodnik, Michal"]
[Result "0-1"]
[WhiteElo "1920"]
[BlackElo "1817"]
[PlyCount "66"]
[EventDate "2013.04.27"]
[EventType "swiss"]
[EventRounds "9"]
[EventCountry "SVK"]
[SourceTitle "EXT 2023"]
[Source "ChessBase"]
[SourceDate "2022.10.05"]
[SourceVersion "1"]
[SourceVersionDate "2022.10.05"]
[SourceQuality "1"]

1. e4 g6 2. d4 Bg7 3. Be3 c5 4. c3 cxd4 5. Bxd4 Nf6 6. e5 Nd5 7. Nf3 Nc6 8. e6 Nxd4 9. exf7+ Kf8 10. Nxd4 Nc7 11. Bc4 d5 12. Bb3 e5 13. Nf3 Be6 14. h4 h6 15. Qe2 Qd6 16. Na3 Kxf7 17. 0-0-0 b5 18. Nxb5 Qa6 19. a4 Rhb8 20. Nxe5+ Bxe5 21. Qxe5 Nxb5 22. axb5 Qxb5 23. Qf4+ Kg7 24. Qb4 Qxb4 25. cxb4 Rxb4 26. Rhe1 Rc8+ 27. Kb1 Bf5+ 28. Ka2 Rcb8 29. Re3 a5 30. Bxd5 Rxb2+ 31. Ka3 R2b4 32. g3 Bc2 33. Rd2 Ra4# 0-1

[Event "Bratislava Slovan op"]
[Site "Bratislava"]
[Date "2013.04.30"]
[Round "5"]
[White "Vinarcik, Jan"]
[Black "Gonda, Jan"]
[Result "0-1"]
[WhiteElo "1920"]
[BlackElo "1720"]
[PlyCount "149"]
[EventDate "2013.04.27"]
[EventType "swiss"]
[EventRounds "9"]
[EventCountry "SVK"]
[SourceTitle "EXT 2023"]
[Source "ChessBase"]
[SourceDate "2022.10.05"]
[SourceVersion "1"]
[SourceVersionDate "2022.10.05"]
[SourceQuality "1"]

1. e4 c5 2. Nf3 Nc6 3. d4 cxd4 4. Nxd4 Nf6 5. f3 e5 6. Nb5 d6 7. c4 a6 8. N5c3 Be7 9. Be3 0-0 10. Be2 h6 11. 0-0 Be6 12. Nd5 Bxd5 13. cxd5 Nb8 14. Nc3 Nbd7 15. Rc1 Rc8 16. Qd2 Nh7 17. Na4 Rxc1 18. Rxc1 b5 19. Nc3 Qa5 20. Nb1 Qxd2 21. Nxd2 Ra8 22. b4 Kf8 23. Nb3 Bd8 24. g3 Ke7 25. Bf1 Nhf8 26. Rc2 Nh7 27. Bd3 Nhf6 28. h3 Ne8 29. Kg2 Bc7 30. f4 f6 31. f5 Kd8 32. g4 Rc8 33. Kf3 Ra8 34. h4 Rc8 35. Rh2 Ke7 36. g5 hxg5 37. hxg5 Bd8 38. Ke2 Kf7 39. g6+ Kg8 40. Bd2 Bb6 41. Rh1 Kf8 42. a3 Ke7 43. Ra1 Nc7 44. Rh1 Ne8 45. Rh8 Nf8 46. Kd1 Nd7 47. Rg8 Nf8 48. Na1 Bd4 49. Nb3 Bb6 50. Nc1 Bf2 51. Ne2 Bh4 52. Nc3 Bf2 53. Ne2 Bh4 54. Be3 Nd7 55. Kd2 Kd8 56. Rh8 Bg5 57. Bxg5 fxg5 58. Rh5 g4 59. Rh8 Ndf6 60. Ng3 Ke7 61. Nh5 Nxh5 62. Rxh5 Nf6 63. Rh4 Kd7 64. Rh1 Ke7 65. Ra1 Rh8 66. a4 g3 67. axb5 Rh2+ 68. Ke3 Rh3 69. Kf3 g2+ 70. Kxg2 Rxd3 71. bxa6 Nd7 72. a7 Nb6 73. a8Q Nxa8 74. Rxa8 Rd4 75. Ra7+ 0-1

[Event "Bratislava Slovan op"]
[Site "Bratislava"]
[Date "2013.04.28"]
[Round "2"]
[White "Danada, Tomas"]
[Black "Vinarcik, Jan"]
[Result "1/2-1/2"]
[WhiteElo "2118"]
[BlackElo "1920"]
[PlyCount "83"]
[EventDate "2013.04.27"]
[EventType "swiss"]
[EventRounds "9"]
[EventCountry "SVK"]
[SourceTitle "EXT 2023"]
[Source "ChessBase"]
[SourceDate "2022.10.05"]
[SourceVersion "1"]
[SourceVersionDate "2022.10.05"]
[SourceQuality "1"]

1. g3 c6 2. Bg2 d5 3. Nf3 Nd7 4. d4 e6 5. 0-0 Bd6 6. Nbd2 Ngf6 7. c4 0-0 8. Qc2 Re8 9. Rd1 Qe7 10. e4 dxe4 11. Nxe4 Nxe4 12. Qxe4 Nf6 13. Qe2 a6 14. Ne5 Nd7 15. b3 Bc7 16. Bb2 Nxe5 17. dxe5 Bd7 18. Rd2 Rad8 19. Rad1 Bc8 20. Qe3 Rxd2 21. Rxd2 Rd8 22. Rxd8+ Qxd8 23. Qd4 Bb6 24. Qxd8+ Bxd8 25. Bd4 f6 26. f4 Kf7 27. Kf2 Be7 28. c5 Bd7 29. b4 f5 30. h4 h6 31. Ke3 g5 32. hxg5 hxg5 33. Kd3 g4 34. a4 Ke8 35. Bc3 Kd8 36. Kd4 Kc7 37. Bf1 Bd8 38. Bc4 Be7 39. Bd2 Bd8 40. Bb3 b5 41. Bd1 Kb7 42. a5 1/2-1/2

[Event "Bratislava Slovan op"]
[Site "Bratislava"]
[Date "2011.06.11"]
[Round "5"]
[White "Vinarcik, Jan"]
[Black "Mandak, Miroslav"]
[Result "1/2-1/2"]
[WhiteElo "1948"]
[BlackElo "2035"]
[PlyCount "39"]
[EventDate "2011.06.07"]
[EventType "swiss"]
[EventRounds "9"]
[EventCountry "SVK"]
[SourceTitle "EXT 2023"]
[Source "ChessBase"]
[SourceDate "2022.10.05"]
[SourceVersion "1"]
[SourceVersionDate "2022.10.05"]
[SourceQuality "1"]

1. e4 c5 2. Nf3 e6 3. d4 cxd4 4. Nxd4 a6 5. c4 Qc7 6. Nc3 Nf6 7. Be3 Be7 8. f3 0-0 9. Qd2 Rd8 10. Rc1 d6 11. Be2 b6 12. 0-0 Bb7 13. Rfd1 Nbd7 14. b3 Rac8 15. Bf1 Qb8 16. Qf2 Bf8 17. Nde2 Qa8 18. Kh1 d5 19. exd5 exd5 20. cxd5 1/2-1/2

[Event "SVK-ch Seniors-A"]
[Site "Tatranske Matliare"]
[Date "2011.05.??"]
[Round "8"]
[White "Paulicka, Ivan"]
[Black "Vinarcik, Jan"]
[Result "0-1"]
[WhiteElo "1823"]
[BlackElo "1948"]
[PlyCount "120"]
[EventDate "2011.05.27"]
[EventType "swiss"]
[EventRounds "9"]
[EventCountry "SVK"]
[SourceTitle "EXT 2023"]
[Source "ChessBase"]
[SourceDate "2022.10.05"]
[SourceVersion "1"]
[SourceVersionDate "2022.10.05"]
[SourceQuality "1"]

1. d4 d5 2. Nf3 Nf6 3. c4 e6 4. Nc3 c6 5. Bg5 Nbd7 6. cxd5 exd5 7. e3 Qa5 8. Nd2 Bb4 9. Qc2 a6 10. a3 Be7 11. Be2 h6 12. Bf4 0-0 13. 0-0 Re8 14. Nb3 Qd8 15. Na4 Nf8 16. Rac1 Bd6 17. Bxd6 Qxd6 18. Nac5 Rb8 19. Nd3 Ng6 20. a4 Ng4 21. Bxg4 Bxg4 22. a5 Rbd8 23. Nbc5 Re7 24. Qb3 Bc8 25. Qc3 Nh4 26. Rfe1 Rde8 27. Re2 Qf6 28. Nf4 Qf5 29. Qc2 Qg5 30. Ncd3 Bf5 31. Qc3 Be4 32. Ne1 Bf5 33. Kh1 Qf6 34. f3 Bc8 35. g3 Nf5 36. Neg2 g5 37. Nh5 Qg6 38. g4 Ng7 39. Nxg7 Qxg7 40. Qd3 Qf6 41. Ne1 Bxg4 42. Kg2 Bc8 43. Nc2 Qe6 44. Rf1 Qh3+ 45. Kg1 Bf5 46. Qc3 Bxc2 47. Qxc2 Rxe3 48. Rxe3 Rxe3 49. Qg2 Qxg2+ 50. Kxg2 Rd3 51. f4 Rxd4 52. f5 Rd2+ 53. Kg3 Rxb2 54. f6 Kh7 55. Re1 Kg6 56. Rf1 Rb5 57. h4 Rxa5 58. hxg5 hxg5 59. Kg4 Ra4+ 60. Kg3 Rb4 0-1

[Event "SVK-ch Seniors-A"]
[Site "Tatranske Matliare"]
[Date "2010.06.06"]
[Round "1"]
[White "Kunak, Stanislav"]
[Black "Vinarcik, Jan"]
[Result "0-1"]
[WhiteElo "1783"]
[BlackElo "1976"]
[PlyCount "80"]
[EventDate "2010.06.06"]
[EventType "swiss"]
[EventRounds "9"]
[EventCountry "SVK"]
[SourceTitle "EXT 2023"]
[Source "ChessBase"]
[SourceDate "2022.10.05"]
[SourceVersion "1"]
[SourceVersionDate "2022.10.05"]
[SourceQuality "1"]

1. d4 d5 2. c4 e6 3. Nc3 Nf6 4. Nf3 c6 5. Bg5 Nbd7 6. e3 Qa5 7. Bxf6 Nxf6 8. Bd3 Bb4 9. Qc2 dxc4 10. Bxc4 Nd5 11. Rc1 Nb6 12. Bb3 Qh5 13. 0-0 Nd7 14. Ne4 Be7 15. Ng3 Qh6 16. Bc4 Bd6 17. Ne4 Bb8 18. h3 Nb6 19. Bd3 Nd5 20. a3 0-0 21. Neg5 g6 22. Ne4 f5 23. Nc5 Bd6 24. e4 fxe4 25. Nxe4 Be7 26. Ne5 Nf4 27. Ng4 Qg7 28. Ne5 Rd8 29. Qc3 Nxd3 30. Nxd3 Qxd4 31. Ndc5 b6 32. Rfd1 Qxd1+ 33. Rxd1 Rxd1+ 34. Kh2 bxc5 35. Nf6+ Bxf6 36. Qxf6 Bd7 37. h4 Rf8 38. Qc3 Rxf2 39. Qxc5 Rdd2 40. Qg5 Rxg2+ 0-1

[Event "SVK-ch Seniors-A"]
[Site "Tatranske Matliare"]
[Date "2009.??.??"]
[Round "7"]
[White "Simek, Jiri"]
[Black "Vinarcik, Jan"]
[Result "1/2-1/2"]
[WhiteElo "2153"]
[BlackElo "1993"]
[PlyCount "37"]
[EventDate "2009.05.31"]
[EventType "swiss"]
[EventRounds "9"]
[EventCountry "SVK"]
[SourceTitle "EXT 2023"]
[Source "ChessBase"]
[SourceDate "2022.10.05"]
[SourceVersion "1"]
[SourceVersionDate "2022.10.05"]
[SourceQuality "1"]

1. e4 c5 2. Nf3 e6 3. d4 cxd4 4. Nxd4 a6 5. Bd3 Qc7 6. 0-0 Nf6 7. Nc3 Nc6 8. Be3 Ne5 9. h3 Bb4 10. Nde2 b5 11. a3 Be7 12. f4 Nc4 13. Bxc4 Qxc4 14. e5 Ne4 15. Qd4 Qxd4 16. Bxd4 Bb7 17. Rfd1 Rc8 18. Nxe4 Bxe4 19. Rd2 1/2-1/2